| 000 | 00501nam a2200193 a 4500 | ||
|---|---|---|---|
| 001 | 0156 | ||
| 005 | 20140414132042.0 | ||
| 008 | 040804s19uu xx 00 eng d | ||
| 020 | _a962-578-064-5 | ||
| 050 |
_aBB _bP44 1991 |
||
| 245 | _aPeter Pan. | ||
| 260 |
_aMontreal, Canada : _bBrimar Publishing, _c1991. |
||
| 300 | _a16 p. : ill. ; cm. | ||
| 440 | _aThe Walt Disney Treasure Chest | ||
| 650 |
_aAdventures _xFiction. |
||
| 650 | _aChildren stories. | ||
| 999 |
_c113882 _d113882 |
||